[Event "Daventry 4NCL U2000"]
[Site "Daventry"]
[Date "2025.04.18"]
[Round "1.12"]
[White "Wheeler, Tim"]
[Black "Waterman, Nick I"]
[Result "1/2-1/2"]
[WhiteElo "1863"]
[BlackElo "1659"]
[PlyCount "100"]
[EventDate "2025.04.18"]
[EventType "swiss"]
[EventRounds "7"]
[EventCountry "ENG"]
[SourceTitle "BritBase"]
[Source "John Saunders"]
[SourceDate "2025.09.17"]
[SourceVersion "1"]
[SourceVersionDate "2025.09.17"]
[SourceQuality "1"]

1. e4 e6 2. d3 d5 3. Qe2 Be7 4. Nf3 Nf6 5. g3 b6 6. e5 Nfd7 7. h4 c5 8. Bg2 Nc6 9. c3 Bb7 10. O-O Qc7 11. Bf4 h6 12. Re1 O-O-O 13. a3 Rdg8 14. d4 g5 15. hxg5 hxg5 16. Be3 c4 17. Nbd2 Kd8 18. b3 Na5 19. b4 Nc6 20. a4 Kc8 21. a5 b5 22. Nh2 a6 23. Ng4 Qd8 24. Nf3 Rg7 25. Qd2 Qg8 26. Qc2 Rg6 27. Kf1 Nd8 28. Ke2 f5 29. exf6 Nxf6 30. Nfe5 Rg7 31. Nxf6 Bxf6 32. Ng4 Be7 33. Rh1 Rgh7 34. Rxh7 Rxh7 35. Rh1 Rxh1 36. Bxh1 Nf7 37. Bf3 Bc6 38. Qb1 Be8 39. Ne5 Nxe5 40. dxe5 Bg6 41. Qh1 Qg7 42. Bd4 g4 43. Bg2 Bd3+ 44. Ke1 Qg5 45. Qh8+ Kd7 46. Be3 Qf5 47. Qb8 Bc2 48. Qa7+ Ke8 49. Qd4 Qd3 50. Qxd3 Bxd3 1/2-1/2

[Event "Daventry 4NCL U2000"]
[Site "Daventry"]
[Date "2025.04.18"]
[Round "1.13"]
[White "Roychowdhury, Aashita"]
[Black "Carter, Bowie"]
[Result "1/2-1/2"]
[WhiteElo "1654"]
[BlackElo "1858"]
[PlyCount "102"]
[EventDate "2025.04.18"]
[EventType "swiss"]
[EventRounds "7"]
[EventCountry "ENG"]
[SourceTitle "BritBase"]
[Source "John Saunders"]
[SourceDate "2025.09.17"]
[SourceVersion "1"]
[SourceVersionDate "2025.09.17"]
[SourceQuality "1"]

1. e4 c5 2. Nf3 Nc6 3. d4 cxd4 4. Nxd4 Nf6 5. Nc3 g6 6. Nxc6 dxc6 7. Qxd8+ Kxd8 8. Bc4 e6 9. Bg5 Be7 10. O-O-O+ Nd7 11. Be3 b5 12. Be2 Kc7 13. f4 Bb7 14. Bf3 Nb6 15. Bxb6+ axb6 16. a3 b4 17. axb4 Bxb4 18. Kd2 Rhd8+ 19. Ke2 Bxc3 20. bxc3 Ra3 21. Rxd8 Kxd8 22. Rd1+ Kc7 23. Kd2 c5 24. Rb1 Ra4 25. Ke3 h5 26. e5 Ba6 27. g3 Rc4 28. Kd2 Bb7 29. Be2 Ra4 30. Bb5 Ra8 31. Ke3 Rg8 32. h4 Rd8 33. Ra1 Rf8 34. Bd3 Ra8 35. Rxa8 Bxa8 36. Bb5 Bc6 37. c4 Kd7 38. c3 Kc7 39. Kd3 Bf3 40. Be8 Bg4 41. Bb5 Kd8 42. Bc6 Ke7 43. Ke3 Kf8 44. Bb7 f6 45. Bc6 Kf7 46. Bb5 Bh3 47. Kf3 Bf1 48. Kf2 Bh3 49. Kf3 Bf5 50. Ke3 fxe5 51. fxe5 Ke7 1/2-1/2

[Event "Daventry 4NCL U2000"]
[Site "Daventry"]
[Date "2025.04.18"]
[Round "1.14"]
[White "Liu, Jacob"]
[Black "Bellano, Harry"]
[Result "1-0"]
[WhiteElo "1858"]
[BlackElo "1645"]
[PlyCount "33"]
[EventDate "2025.04.18"]
[EventType "swiss"]
[EventRounds "7"]
[EventCountry "ENG"]
[SourceTitle "BritBase"]
[Source "John Saunders"]
[SourceDate "2025.09.17"]
[SourceVersion "1"]
[SourceVersionDate "2025.09.17"]
[SourceQuality "1"]

1. e4 e5 2. Nf3 Nc6 3. Bc4 Bc5 4. c3 Nf6 5. d3 d6 6. h3 Be6 7. Bb3 Qd7 8. O-O h6 9. Bc2 Bb6 10. d4 Bc4 11. Re1 a5 12. Ba4 exd4 13. e5 Nd5 14. exd6+ Kf8 15. Ne5 Nxe5 16. Bxd7 Nxd7 17. Qa4 1-0

[Event "Daventry 4NCL U2000"]
[Site "Daventry"]
[Date "2025.04.19"]
[Round "2.1"]
[White "Liu, Jacob"]
[Black "Bramson, Mike"]
[Result "1/2-1/2"]
[WhiteElo "1858"]
[BlackElo "1953"]
[PlyCount "59"]
[EventDate "2025.04.18"]
[EventType "swiss"]
[EventRounds "7"]
[EventCountry "ENG"]
[SourceTitle "BritBase"]
[Source "John Saunders"]
[SourceDate "2025.09.17"]
[SourceVersion "1"]
[SourceVersionDate "2025.09.17"]
[SourceQuality "1"]

1. e4 e5 2. Nf3 Bc5 3. Bc4 Nc6 4. c3 Nf6 5. d3 d6 6. h3 h6 7. O-O O-O 8. Nbd2 a6 9. Bb3 Be6 10. Re1 Qd7 11. Bc2 Bxh3 12. gxh3 Qxh3 13. Nf1 Ng4 14. d4 Bb6 15. Be3 Rae8 16. d5 Bxe3 17. Nxe3 Ne7 18. Nxg4 Qxg4+ 19. Kh1 f5 20. Rg1 Qh3+ 21. Nh2 fxe4 22. Rg3 Qh4 23. Qg1 g5 24. Rg4 Qxf2 25. Rxg5+ hxg5 26. Qxg5+ Kh8 27. Qh6+ Kg8 28. Qg5+ Kh8 29. Qh6+ Kg8 30. Qg5+ 1/2-1/2

[Event "Daventry 4NCL U2000"]
[Site "Daventry"]
[Date "2025.04.19"]
[Round "2.2"]
[White "Slinger, AJ (Tony)"]
[Black "Tart, Peter K"]
[Result "0-1"]
[WhiteElo "1848"]
[BlackElo "1935"]
[PlyCount "52"]
[EventDate "2025.04.18"]
[EventType "swiss"]
[EventRounds "7"]
[EventCountry "ENG"]
[SourceTitle "BritBase"]
[Source "John Saunders"]
[SourceDate "2025.09.17"]
[SourceVersion "1"]
[SourceVersionDate "2025.09.17"]
[SourceQuality "1"]

1. e4 e5 2. Bc4 Nf6 3. d3 c6 4. Nf3 d5 5. Bb3 Bd6 6. Nbd2 Na6 7. O-O Nc5 8. Re1 Nxb3 9. axb3 Qc7 10. d4 Bg4 11. dxe5 Bxe5 12. exd5 O-O 13. h3 Bxf3 14. Nxf3 Bd6 15. dxc6 bxc6 16. Be3 Rfd8 17. Qe2 Re8 18. Qd3 Nd5 19. c3 a5 20. Bd2 Red8 21. Qc2 h6 22. Be3 Rab8 23. Nd2 Nxe3 24. Rxe3 Bf4 25. Rd3 Rxd3 26. Qxd3 Rd8 0-1

[Event "Daventry 4NCL U2000"]
[Site "Daventry"]
[Date "2025.04.19"]
[Round "2.3"]
[White "Dhingra, Kanvansh"]
[Black "Obi, Okwose Marc"]
[Result "1-0"]
[WhiteElo "1749"]
[BlackElo "1896"]
[PlyCount "137"]
[EventDate "2025.04.18"]
[EventType "swiss"]
[EventRounds "7"]
[EventCountry "ENG"]
[SourceTitle "BritBase"]
[Source "John Saunders"]
[SourceDate "2025.09.17"]
[SourceVersion "1"]
[SourceVersionDate "2025.09.17"]
[SourceQuality "1"]

1. e4 d5 2. exd5 Qxd5 3. Nf3 Bg4 4. Be2 Nc6 5. h3 Bxf3 6. Bxf3 Qe5+ 7. Qe2 Qxe2+ 8. Bxe2 Nd4 9. Bd1 e6 10. c3 Nc6 11. Bc2 Nf6 12. d3 Bd6 13. Nd2 O-O 14. Nc4 Be7 15. Bf4 Nd5 16. Bh2 b5 17. Ne3 Nxe3 18. fxe3 Bh4+ 19. Ke2 Rac8 20. Rhf1 Be7 21. d4 Bd6 22. Bxd6 cxd6 23. Bd3 Rb8 24. b3 d5 25. Rab1 Na5 26. b4 Nc6 27. Kd2 Rfc8 28. a4 bxa4 29. Ra1 Rc7 30. Rxa4 Ne7 31. Rfa1 Rbb7 32. Ra5 Kf8 33. Rc5 g6 34. Raa5 Ke8 35. Ke2 Kd7 36. e4 Rxc5 37. Rxc5 Rc7 38. Rxc7+ Kxc7 39. e5 Kb6 40. Kd2 a5 41. Kc2 axb4 42. cxb4 Ng8 43. Be2 f6 44. exf6 Nxf6 45. Bg4 Kb5 46. Kb3 Nxg4 47. hxg4 g5 48. g3 h6 49. Ka3 Kc4 50. Ka4 Kxd4 51. b5 Kc5 52. Ka5 d4 53. b6 Kc6 54. Ka6 d3 55. b7 Kd5 56. b8=Q Kd4 57. Qd6+ Kc3 58. Qxe6 d2 59. Qe2 Kc2 60. Qc4+ Kd1 61. Kb5 Ke1 62. Qe4+ Kf2 63. Qd3 Ke1 64. Qe3+ Kd1 65. Kc4 Kc2 66. Qb3+ Kc1 67. Kc3 d1=N+ 68. Kd3 Nb2+ 69. Ke2 1-0

[Event "Daventry 4NCL U2000"]
[Site "Daventry"]
[Date "2025.04.19"]
[Round "2.4"]
[White "Gibson, Christopher A"]
[Black "Calvert, George"]
[Result "0-1"]
[WhiteElo "1886"]
[BlackElo "1705"]
[PlyCount "64"]
[EventDate "2025.04.18"]
[EventType "swiss"]
[EventRounds "7"]
[EventCountry "ENG"]
[SourceTitle "BritBase"]
[Source "John Saunders"]
[SourceDate "2025.09.17"]
[SourceVersion "1"]
[SourceVersionDate "2025.09.17"]
[SourceQuality "1"]

1. e4 c5 2. c3 e5 3. Nf3 Nc6 4. Bc4 Be7 5. O-O Nf6 6. d4 cxd4 7. cxd4 exd4 8. e5 Ne4 9. Bd5 Nc5 10. Nxd4 Nxe5 11. Re1 d6 12. f4 Bg4 13. Qd2 Ned3 14. Re3 Nxf4 15. Bc4 O-O 16. Rg3 Bg5 17. Qc2 Be6 18. Nf3 Bxc4 19. Qxc4 Ne2+ 20. Qxe2 Bxc1 21. Nc3 Re8 22. Qc2 Be3+ 23. Kh1 Rc8 24. Rf1 Ne4 25. Rh3 d5 26. Ne5 Rxe5 27. Rxe3 Qh4 28. Kg1 Qg5 29. Ree1 Nxc3 30. Qf2 Rxe1 31. Qxf7+ Kh8 32. Rxe1 Ne4 0-1

[Event "Daventry 4NCL U2000"]
[Site "Daventry"]
[Date "2025.04.19"]
[Round "2.5"]
[White "Kearney, James I G"]
[Black "Saha, Soumil"]
[Result "1-0"]
[WhiteElo "1995"]
[BlackElo "1674"]
[PlyCount "57"]
[EventDate "2025.04.18"]
[EventType "swiss"]
[EventRounds "7"]
[EventCountry "ENG"]
[SourceTitle "BritBase"]
[Source "John Saunders"]
[SourceDate "2025.09.17"]
[SourceVersion "1"]
[SourceVersionDate "2025.09.17"]
[SourceQuality "1"]

1. e4 d6 2. d4 Nf6 3. Bd3 g6 4. h3 Bg7 5. Ne2 O-O 6. Be3 e5 7. c3 Qe8 8. Qc2 Bd7 9. Nd2 Nc6 10. d5 Nb8 11. c4 a5 12. c5 Na6 13. Bxa6 Rxa6 14. g4 c6 15. Nc3 cxd5 16. exd5 Qa8 17. Nc4 Nxd5 18. Nxd5 b5 19. O-O-O bxc4 20. Nc7 Qb7 21. Nxa6 Bb5 22. cxd6 Qxa6 23. Rd2 Qc6 24. Rhd1 h6 25. Qc3 f5 26. gxf5 gxf5 27. d7 Rd8 28. Qxa5 Bf6 29. Rd6 1-0

[Event "Daventry 4NCL U2000"]
[Site "Daventry"]
[Date "2025.04.19"]
[Round "2.6"]
[White "Ireland, David J"]
[Black "Dunkley, Michael"]
[Result "1-0"]
[WhiteElo "1967"]
[BlackElo "1825"]
[PlyCount "67"]
[EventDate "2025.04.18"]
[EventType "swiss"]
[EventRounds "7"]
[EventCountry "ENG"]
[SourceTitle "BritBase"]
[Source "John Saunders"]
[SourceDate "2025.09.17"]
[SourceVersion "1"]
[SourceVersionDate "2025.09.17"]
[SourceQuality "1"]

1. d4 d5 2. Nf3 Nf6 3. e3 Bf5 4. c4 e6 5. Qb3 Qc8 6. Nc3 c6 7. Ne5 Nbd7 8. f4 Be7 9. Be2 Ne4 10. cxd5 exd5 11. O-O Nxe5 12. fxe5 Nxc3 13. bxc3 O-O 14. Ba3 Bxa3 15. Qxa3 Qd7 16. Rf4 Rfe8 17. Raf1 Bg6 18. h4 h5 19. Qb3 b5 20. Qd1 Qe6 21. Bxh5 Bxh5 22. Qxh5 Qg6 23. Qxg6 fxg6 24. Rf7 a5 25. Rc7 Rac8 26. Rff7 Rxc7 27. Rxc7 Re6 28. Ra7 a4 29. Rc7 g5 30. hxg5 Kh7 31. Kf2 Kg6 32. Kf3 c5 33. Rxc5 Kxg5 34. Rxd5 1-0

[Event "Daventry 4NCL U2000"]
[Site "Daventry"]
[Date "2025.04.19"]
[Round "2.7"]
[White "Jackson, Gary C"]
[Black "Bowman, Richard L"]
[Result "1/2-1/2"]
[WhiteElo "1950"]
[BlackElo "1776"]
[PlyCount "108"]
[EventDate "2025.04.18"]
[EventType "swiss"]
[EventRounds "7"]
[EventCountry "ENG"]
[SourceTitle "BritBase"]
[Source "John Saunders"]
[SourceDate "2025.09.17"]
[SourceVersion "1"]
[SourceVersionDate "2025.09.17"]
[SourceQuality "1"]

1. e4 Nc6 2. d4 e5 3. c3 Nf6 4. d5 Ne7 5. Bd3 Ng6 6. Nf3 Bc5 7. O-O a5 8. c4 d6 9. h3 O-O 10. Nc3 h6 11. Ne2 Nh5 12. a3 Bd7 13. Bd2 Qf6 14. Nh2 Ngf4 15. Nxf4 Nxf4 16. Be3 Qg5 17. Bxf4 Qxf4 18. Rb1 f5 19. Qe2 Rae8 20. b4 axb4 21. axb4 Bb6 22. Qc2 fxe4 23. Bxe4 Bf5 24. Bxf5 Qxf5 25. Qxf5 Rxf5 26. c5 dxc5 27. bxc5 Bxc5 28. Rxb7 Bd6 29. Ng4 Ra8 30. Ne3 Rf4 31. g3 Rd4 32. Rb5 g6 33. Rc1 Raa4 34. Rc2 e4 35. Rb8+ Kf7 36. Rh8 Kg7 37. Rd8 Rdb4 38. Rd7+ Kf8 39. Kg2 Rd4 40. g4 Kg8 41. h4 Ra5 42. Rb2 Ra8 43. h5 gxh5 44. gxh5 Rf8 45. Ng4 Rxd5 46. Nxh6+ Kh8 47. Nf7+ Kg8 48. Nxd6 cxd6 49. Rbb7 Rg5+ 50. Kf1 e3 51. f4 Rxf4+ 52. Ke2 Rxh5 53. Rxd6 Re5 54. Rd8+ Rf8 1/2-1/2

[Event "Daventry 4NCL U2000"]
[Site "Daventry"]
[Date "2025.04.19"]
[Round "2.8"]
[White "Carter, Bowie"]
[Black "Dean, Robert A"]
[Result "1-0"]
[WhiteElo "1858"]
[BlackElo "1790"]
[PlyCount "115"]
[EventDate "2025.04.18"]
[EventType "swiss"]
[EventRounds "7"]
[EventCountry "ENG"]
[SourceTitle "BritBase"]
[Source "John Saunders"]
[SourceDate "2025.09.17"]
[SourceVersion "1"]
[SourceVersionDate "2025.09.17"]
[SourceQuality "1"]

1. e4 e6 2. d4 d5 3. exd5 exd5 4. Bd3 Nc6 5. c3 Bd6 6. Nf3 Bg4 7. O-O Nge7 8. Nbd2 Qd7 9. Re1 O-O-O 10. Nf1 f6 11. Ne3 Bh5 12. b4 Rde8 13. b5 Nd8 14. Be2 Kb8 15. a4 Bg6 16. Ba3 Ne6 17. Bxd6 Qxd6 18. a5 Nf4 19. Bf1 Bh5 20. g3 Ne6 21. Bg2 Ng5 22. g4 Bg6 23. Nxg5 fxg5 24. Qb3 h5 25. Nxd5 hxg4 26. Re5 Bf7 27. c4 Ng6 28. Rxe8+ Bxe8 29. Qg3 Nf4 30. Nxf4 gxf4 31. Qxg4 f3 32. Qxf3 Qxh2+ 33. Kf1 c6 34. Rb1 Bh5 35. Qg3+ Qxg3 36. fxg3 Rf8+ 37. Kg1 Bg6 38. Rb2 Kc7 39. bxc6 bxc6 40. a6 Kd6 41. c5+ Ke6 42. Bxc6 Bd3 43. Bb7 Rf1+ 44. Kg2 g5 45. Rd2 Bb5 46. d5+ Ke7 47. d6+ Kd8 48. c6 Rc1 49. c7+ Kd7 50. c8=Q+ Rxc8 51. Bxc8+ Kxc8 52. Rc2+ Kd7 53. Rc7+ Kxd6 54. Rxa7 g4 55. Rg7 Bc6+ 56. Kf2 Ba8 57. Rxg4 Kc7 58. Rb4 1-0

[Event "Daventry 4NCL U2000"]
[Site "Daventry"]
[Date "2025.04.19"]
[Round "2.9"]
[White "Matthews, Adrian MS"]
[Black "Roychowdhury, Aashita"]
[Result "1/2-1/2"]
[WhiteElo "1855"]
[BlackElo "1654"]
[PlyCount "69"]
[EventDate "2025.04.18"]
[EventType "swiss"]
[EventRounds "7"]
[EventCountry "ENG"]
[SourceTitle "BritBase"]
[Source "John Saunders"]
[SourceDate "2025.09.17"]
[SourceVersion "1"]
[SourceVersionDate "2025.09.17"]
[SourceQuality "1"]

1. e4 c6 2. d4 d5 3. exd5 cxd5 4. Bd3 Nc6 5. c3 Qc7 6. Ne2 g6 7. Bf4 Qb6 8. Qb3 Qxb3 9. axb3 Bg7 10. Na3 Kd8 11. Nb5 e5 12. Nd6 Ke7 13. dxe5 Bxe5 14. Bxe5 Nxe5 15. Nxc8+ Rxc8 16. Kd2 Nxd3 17. Kxd3 a6 18. Rhd1 Nf6 19. f3 Kd6 20. Kc2 Rhe8 21. Rd2 Kc7 22. Nd4 Kb6 23. Ne2 Rc7 24. Ra4 Rce7 25. Nf4 Kc6 26. Rad4 Rd7 27. g4 g5 28. Nd3 a5 29. h3 Re3 30. b4 axb4 31. Rxb4 Re8 32. Rd4 h6 33. Nb4+ Kc5 34. Nd3+ Kc6 35. Nb4+ 1/2-1/2

[Event "Daventry 4NCL U2000"]
[Site "Daventry"]
[Date "2025.04.19"]
[Round "2.10"]
[White "Waterman, Nick I"]
[Black "Willow, Hambel M"]
[Result "0-1"]
[WhiteElo "1659"]
[BlackElo "1850"]
[PlyCount "60"]
[EventDate "2025.04.18"]
[EventType "swiss"]
[EventRounds "7"]
[EventCountry "ENG"]
[SourceTitle "BritBase"]
[Source "John Saunders"]
[SourceDate "2025.09.17"]
[SourceVersion "1"]
[SourceVersionDate "2025.09.17"]
[SourceQuality "1"]

1. Nf3 d5 2. g3 Nf6 3. Bg2 c5 4. O-O Nc6 5. d4 cxd4 6. Nxd4 e5 7. Nxc6 bxc6 8. c4 Bb7 9. Qc2 Be7 10. b3 O-O 11. Bb2 d4 12. Rd1 Qc7 13. Nd2 Rad8 14. Nf1 Bc5 15. a3 a5 16. Bc1 Ng4 17. Qd3 f5 18. h3 e4 19. Qb1 d3 20. hxg4 dxe2 21. Re1 exf1=Q+ 22. Rxf1 Qxg3 23. b4 Bxf2+ 24. Rxf2 Rd1+ 25. Rf1 Rxf1+ 26. Kxf1 fxg4+ 27. Kg1 Qe1+ 28. Kh2 Qh4+ 29. Kg1 g3 30. Qxe4 Qh2# 0-1

[Event "Daventry 4NCL U2000"]
[Site "Daventry"]
[Date "2025.04.19"]
[Round "2.11"]
[White "Robinson, Brian"]
[Black "Wheeler, Tim"]
[Result "1/2-1/2"]
[WhiteElo "1742"]
[BlackElo "1863"]
[PlyCount "53"]
[EventDate "2025.04.18"]
[EventType "swiss"]
[EventRounds "7"]
[EventCountry "ENG"]
[SourceTitle "BritBase"]
[Source "John Saunders"]
[SourceDate "2025.09.17"]
[SourceVersion "1"]
[SourceVersionDate "2025.09.17"]
[SourceQuality "1"]

1. d4 Nf6 2. Nf3 g6 3. g3 Bg7 4. Bg2 O-O 5. O-O d6 6. c4 Nc6 7. Nc3 e5 8. d5 Nb8 9. e4 a5 10. Qe2 Na6 11. Ne1 Nc5 12. Nd3 Nfd7 13. Nxc5 Nxc5 14. f4 f5 15. Bd2 Qe7 16. Rae1 b6 17. fxe5 Bxe5 18. Bf4 fxe4 19. Bxe5 Rxf1+ 20. Rxf1 Qxe5 21. Bxe4 Bh3 22. Re1 Rf8 23. Bg2 Qd4+ 24. Qe3 Qxe3+ 25. Rxe3 Bxg2 26. Kxg2 Rf7 27. b3 1/2-1/2

[Event "Daventry 4NCL U2000"]
[Site "Daventry"]
[Date "2025.04.19"]
[Round "2.12"]
[White "Delaney, Jacob"]
[Black "Ronald, Ted"]
[Result "0-1"]
[WhiteElo "1489"]
[BlackElo "1826"]
[PlyCount "76"]
[EventDate "2025.04.18"]
[EventType "swiss"]
[EventRounds "7"]
[EventCountry "ENG"]
[SourceTitle "BritBase"]
[Source "John Saunders"]
[SourceDate "2025.09.17"]
[SourceVersion "1"]
[SourceVersionDate "2025.09.17"]
[SourceQuality "1"]

1. e4 c5 2. c3 g6 3. d4 cxd4 4. cxd4 d5 5. e5 Bg7 6. Nc3 f6 7. f4 Nh6 8. Nf3 Bg4 9. Be2 Bxf3 10. Bxf3 e6 11. Qb3 Qb6 12. Qxb6 axb6 13. Nb5 Kd7 14. Bd2 Nc6 15. O-O Nf5 16. Bc3 h5 17. a3 h4 18. Bg4 Ne3 19. Bxe6+ Kxe6 20. Nc7+ Kf5 21. Nxa8 Nxf1 22. Nxb6 Ne3 23. Kf2 Ng4+ 24. Kg1 fxe5 25. fxe5 Ke6 26. h3 Ne3 27. Kf2 Nf5 28. Na4 Nfxd4 29. Nc5+ Ke7 30. Bxd4 Nxd4 31. Nxb7 Rf8+ 32. Kg1 Ne2+ 33. Kh1 Ng3+ 34. Kg1 Bxe5 35. Re1 Kd7 36. Nc5+ Kd6 37. Rxe5 Rf1+ 38. Kh2 Rh1# 0-1

[Event "Daventry 4NCL U2000"]
[Site "Daventry"]
[Date "2025.04.19"]
[Round "2.13"]
[White "Lawrence, Spencer"]
[Black "Waterfield, Mark B"]
[Result "1/2-1/2"]
[WhiteElo "1825"]
[BlackElo "1990"]
[PlyCount "109"]
[EventDate "2025.04.18"]
[EventType "swiss"]
[EventRounds "7"]
[EventCountry "ENG"]
[SourceTitle "BritBase"]
[Source "John Saunders"]
[SourceDate "2025.09.17"]
[SourceVersion "1"]
[SourceVersionDate "2025.09.17"]
[SourceQuality "1"]

1. Nf3 d5 2. g3 c5 3. Bg2 Nf6 4. c4 e6 5. O-O Nc6 6. d4 Be7 7. cxd5 exd5 8. dxc5 Bxc5 9. b3 O-O 10. Ba3 Bxa3 11. Nxa3 Re8 12. Nc2 Ne4 13. Nfd4 Qb6 14. Nxc6 Nc3 15. Qd2 Nxe2+ 16. Kh1 bxc6 17. Rae1 Ba6 18. Bf3 Nxg3+ 19. fxg3 Bxf1 20. Rxf1 Qa6 21. Ra1 Re5 22. Nb4 Qa5 23. Qd4 Rae8 24. Nxc6 Re1+ 25. Kg2 Qa6 26. Rxe1 Rxe1 27. Qf2 Ra1 28. Nb4 Qb6 29. Qxb6 axb6 30. Bxd5 Kf8 31. Bc4 f6 32. a4 Re1 33. Nd5 Re6 34. Nc7 Rd6 35. Ne6+ Kf7 36. Nd4+ Ke8 37. Nf5 Rd2+ 38. Kh3 g6 39. Ne3 Rd6 40. Nd5 Kd7 41. Nb4 h6 42. Nd5 f5 43. g4 fxg4+ 44. Kxg4 Kc6 45. Nc3 Rd4+ 46. Kf3 g5 47. Ne4 Rd1 48. Bb5+ Kc7 49. Kg4 Rh1 50. h3 h5+ 51. Kg3 g4 52. hxg4 Rg1+ 53. Kf2 Rxg4 54. Ng3 h4 55. Nh1 1/2-1/2

[Event "Daventry 4NCL U2000"]
[Site "Daventry"]
[Date "2025.04.19"]
[Round "2.14"]
[White "Fallowfield, Nicholas"]
[Black "Poderico, Francesco"]
[Result "1-0"]
[WhiteElo "1909"]
[BlackElo "1756"]
[PlyCount "81"]
[EventDate "2025.04.18"]
[EventType "swiss"]
[EventRounds "7"]
[EventCountry "ENG"]
[SourceTitle "BritBase"]
[Source "John Saunders"]
[SourceDate "2025.09.17"]
[SourceVersion "1"]
[SourceVersionDate "2025.09.17"]
[SourceQuality "1"]

1. Nf3 e6 2. c4 f5 3. g3 Nf6 4. Bg2 Be7 5. O-O O-O 6. Nc3 d6 7. b4 e5 8. Qb3 Kh8 9. Ba3 e4 10. Nd4 c5 11. Nc2 Nc6 12. d3 Nd4 13. Nxd4 cxd4 14. Nb5 e3 15. f3 f4 16. Nxd4 fxg3 17. hxg3 Nh5 18. Bc1 Nxg3 19. Bxe3 Nxf1 20. Rxf1 Bh4 21. Qd1 Rf6 22. f4 Qe8 23. Qd2 Qh5 24. Nf3 Bg3 25. Bd4 Rg6 26. Bf2 Qg4 27. Bxg3 Qxg3 28. Ng5 h6 29. Rf3 Qg4 30. Rh3 Kg8 31. Qe3 Bd7 32. Rg3 Qf5 33. Bd5+ Kh8 34. Nf7+ Kh7 35. Be4 Qxf7 36. Bxg6+ Qxg6 37. Rxg6 Kxg6 38. Qe7 Bg4 39. e4 Kh5 40. Kf2 g6 41. Kg3 1-0

[Event "Daventry 4NCL U2000"]
[Site "Daventry"]
[Date "2025.04.19"]
[Round "2.15"]
[White "Johnson, Richard J"]
[Black "Fisher, Neal"]
[Result "1-0"]
[WhiteElo "1894"]
[BlackElo "1749"]
[PlyCount "85"]
[EventDate "2025.04.18"]
[EventType "swiss"]
[EventRounds "7"]
[EventCountry "ENG"]
[SourceTitle "BritBase"]
[Source "John Saunders"]
[SourceDate "2025.09.17"]
[SourceVersion "1"]
[SourceVersionDate "2025.09.17"]
[SourceQuality "1"]

1. e4 e5 2. Nf3 Nc6 3. d4 exd4 4. Nxd4 Nxd4 5. Qxd4 Qf6 6. e5 Qb6 7. Be3 Qxd4 8. Bxd4 d6 9. exd6 cxd6 10. Bb5+ Bd7 11. Bxd7+ Kxd7 12. Nc3 Nf6 13. Bxf6 gxf6 14. O-O-O Be7 15. Rd3 Rac8 16. Rhd1 Rc6 17. Nd5 Rg8 18. g3 Rgc8 19. c3 a5 20. Rf3 b5 21. Kb1 b4 22. cxb4 axb4 23. Nxb4 Rb6 24. Nd5 Rbc6 25. Rb3 Bd8 26. Rc3 Rxc3 27. Nxc3 f5 28. Nd5 Ke6 29. Nf4+ Kd7 30. Rd5 Rc5 31. Rxc5 dxc5 32. Kc2 Kc6 33. Kb3 Bf6 34. a4 Bd4 35. Nd3 Kd5 36. Nf4+ Kc6 37. f3 Bg1 38. h3 Bh2 39. Ne2 h5 40. h4 f6 41. Kc4 Kb6 42. Kd5 Ka5 43. b3 1-0

[Event "Daventry 4NCL U2000"]
[Site "Daventry"]
[Date "2025.04.19"]
[Round "2.16"]
[White "Griffin-Young, Sebastian"]
[Black "White, Nicholas E"]
[Result "1-0"]
[WhiteElo "1875"]
[BlackElo "1703"]
[PlyCount "67"]
[EventDate "2025.04.18"]
[EventType "swiss"]
[EventRounds "7"]
[EventCountry "ENG"]
[SourceTitle "BritBase"]
[Source "John Saunders"]
[SourceDate "2025.09.17"]
[SourceVersion "1"]
[SourceVersionDate "2025.09.17"]
[SourceQuality "1"]

1. c4 c6 2. g3 Nf6 3. Nf3 d5 4. Bg2 e6 5. b3 Be7 6. Bb2 O-O 7. O-O c5 8. d3 Nc6 9. cxd5 exd5 10. Nbd2 Bg4 11. Rc1 Rc8 12. Bxf6 Bxf6 13. Rxc5 Be7 14. Rc2 Qd7 15. Qb1 Ba3 16. e4 Nb4 17. Rxc8 Rxc8 18. Ne5 Qe6 19. Nxg4 Qxg4 20. exd5 b5 21. Re1 h5 22. Nf1 g6 23. Ne3 Qd4 24. Be4 Rf8 25. Nc2 Nxc2 26. Qxc2 f5 27. Bf3 h4 28. Re6 h3 29. Rxg6+ Kf7 30. Rc6 Qa1+ 31. Qd1 Qd4 32. Qe1 Kg7 33. Rc7+ Kh8 34. Qf1 1-0

[Event "Daventry 4NCL U2000"]
[Site "Daventry"]
[Date "2025.04.19"]
[Round "3.1"]
[White "Tart, Peter K"]
[Black "Dhingra, Kanvansh"]
[Result "0-1"]
[WhiteElo "1935"]
[BlackElo "1749"]
[PlyCount "78"]
[EventDate "2025.04.18"]
[EventType "swiss"]
[EventRounds "7"]
[EventCountry "ENG"]
[SourceTitle "BritBase"]
[Source "John Saunders"]
[SourceDate "2025.09.17"]
[SourceVersion "1"]
[SourceVersionDate "2025.09.17"]
[SourceQuality "1"]

1. e4 c5 2. Nc3 e6 3. f4 d5 4. Nf3 Nf6 5. d3 Nc6 6. g3 Be7 7. Bg2 O-O 8. O-O a6 9. a4 Qb6 10. Kh1 Rd8 11. Qe2 Nd4 12. Nxd4 cxd4 13. Nd1 dxe4 14. dxe4 Bd7 15. Nf2 Rac8 16. Nd3 Qc7 17. Rf2 b5 18. Ne5 Bc5 19. Nxd7 Qxd7 20. Qd1 Bb6 21. a5 Ba7 22. Rd2 Qc7 23. b3 d3 24. Rxd3 Rxd3 25. cxd3 Bd4 26. Rb1 Qxa5 27. Bd2 b4 28. Bf3 h5 29. h3 Qa2 30. Rc1 Rxc1 31. Bxc1 Qf2 32. g4 hxg4 33. hxg4 Qg3 34. Qf1 Nxg4 35. Bxg4 Qxg4 36. Bd2 a5 37. f5 exf5 38. exf5 a4 39. Bxb4 axb3 0-1

[Event "Daventry 4NCL U2000"]
[Site "Daventry"]
[Date "2025.04.19"]
[Round "3.2"]
[White "Calvert, George"]
[Black "Ireland, David J"]
[Result "0-1"]
[WhiteElo "1705"]
[BlackElo "1967"]
[PlyCount "64"]
[EventDate "2025.04.18"]
[EventType "swiss"]
[EventRounds "7"]
[EventCountry "ENG"]
[SourceTitle "BritBase"]
[Source "John Saunders"]
[SourceDate "2025.09.17"]
[SourceVersion "1"]
[SourceVersionDate "2025.09.17"]
[SourceQuality "1"]

1. e4 e5 2. Nf3 Nf6 3. Nc3 Nc6 4. d4 exd4 5. Nxd4 Bb4 6. Nxc6 bxc6 7. Bd3 d6 8. Bg5 h6 9. Bh4 Qe7 10. O-O O-O 11. Qf3 g5 12. Bg3 Bg4 13. Qe3 Nh5 14. h3 Bc5 15. Qd2 Nxg3 16. hxg4 Nxf1 17. Rxf1 Qe5 18. Na4 Rfe8 19. Nxc5 Qxc5 20. b4 Qd4 21. c3 Qg7 22. f4 gxf4 23. Qxf4 Re7 24. Rf3 Qg5 25. Qg3 Re5 26. Qf2 Qg7 27. Bc4 d5 28. exd5 cxd5 29. Bb3 Rae8 30. Rf5 Rxf5 31. gxf5 Qxc3 32. Qxa7 Qe1+ 0-1